000 00829nam a22002297a 4500
005 20240530110533.0
008 160326s2012 ua a f 000 0aara d
017 _a2012/1680
_bمصر . دار الكتب المصرية
020 _a9789770931004
040 _aEG-CaGPL
082 0 4 _221
_a923.2
_bق/م ذ
100 0 _aمحمد حبيب .
245 1 0 _aذكريات د. محمد حبيب عن الحياة و الدعوة و السياسة و الفكر /
_cمحمد حبيب .
250 _aط1.
260 _aالقاهرة :
_bدار الشروق ،
_c2012 .
300 _a525 ص ؛
_c24 سم .
600 0 _aمحمد حبيب
_vمذكرات .
600 0 _aمحمد حبيب
_vصور .
651 0 4 _aمصر
_xالاحوال السياسية .
942 _2ddc
_cBK
999 _c62139
_d62139